Normal view MARC view

Entry Nombre personal

Number of records used in: 2

001 - NÚMERO DE CONTROL

  • campo de control: 17942

003 - IDENTIFICADOR DE NÚMERO DE CONTROL

  • campo de control: SpMaBN

005 - FECHA Y HORA DE LA ÚLTIMA TRANSACCIÓN

  • campo de control: 20230525194353.0

008 - ELEMENTOS DE DATO DE LONGITUD-FIJA

  • campo de control de longitud fija: 100283nn ainnnaabn n aac

016 ## - NÚMERO DE CONTROL DE UNA AGENCIA BIBLIOGRÁFICA NACIONAL

  • Número de control del registro: BNE19922151313

040 ## - FUENTE DE CATALOGACIÓN

  • Centro catalogador/agencia de origen: IBH
  • Lengua de catalogación: spa
  • Centro/agencia transcriptor: SpMaBN
  • Normas de descripción: rdc
  • Convención/Normas de encabezamiento de materia/tesauro: embne-DP
  • Centro/agencia modificador: ES-MaACL

100 1# - ENCABEZAMIENTO-NOMBRE DE PERSONA

  • Nombre de persona: Abad Silvestre, Ángel,

375 ## - GÉNERO/SEXO

  • Género: Masculino

670 ## - FUENTE DE DATOS ENCONTRADOS

  • Cita de la fuente: WWW Bn España aut., 25-05-2023
  • Información encontrada: (Abad Silvestre, Ángel)

955 ## - CATALOGADOR - EDICIÓN

  • Nombre del catalogador: Julia Mas Vieira